000 00270nam a22001217a 4500
003 SGT
082 _a651.74
_bKUM
100 _aKUMAR, RAVINDER
245 _aLEGAL ASPECTS OF BUSINESS
260 _aINDIA
_bCENGAGE LEARNING
_c2016
300 _a776
942 _2ddc
_cBK
_05
999 _c19042
_d19042